[Event "Leipzig VfB op 19th"]
[Site "Leipzig"]
[Date "2012.03.09"]
[Round "6"]
[White "Waschischeck, Tom"]
[Black "Werner, Hubert"]
[Result "0-1"]
[WhiteElo "1584"]
[BlackElo "1926"]
[PlyCount "92"]
[EventDate "2012.03.06"]
[EventType "swiss"]
[EventRounds "9"]
[EventCountry "GER"]
[SourceTitle "CBM 147 Extra"]
[Source "ChessBase"]
[SourceDate "2012.04.24"]
[SourceVersion "1"]
[SourceVersionDate "2012.04.24"]
[SourceQuality "1"]

1. e4 c5 2. Nf3 Nc6 3. Bb5 g6 4. 0-0 Bg7 5. c3 e6 6. d4 cxd4 7. cxd4 d5 8. e5 Nge7 9. Bg5 Bd7 10. Nc3 h6 11. Be3 Nf5 12. Qd2 0-0 13. g4 Nh4 14. Be2 Nxf3+ 15. Bxf3 g5 16. Be2 f6 17. f4 fxe5 18. fxe5 Qe7 19. Nb5 Rxf1+ 20. Rxf1 Rf8 21. Nd6 Rxf1+ 22. Bxf1 b6 23. Bd3 Bxe5 24. Nb5 Bg7 25. Be2 Qb4 26. Qxb4 Nxb4 27. Bf2 Nc6 28. b3 a6 29. Nc7 Bxd4 30. Nxa6 Bxf2+ 31. Kxf2 Nd4 32. Bd1 e5 33. Nb4 Be6 34. Ke3 Kf7 35. h3 Ke7 36. Nd3 Kd6 37. a4 Nc6 38. Bf3 e4 39. Bxe4 dxe4 40. Kxe4 Bxb3 41. Kf5 Bc2 42. Kg6 Bxd3+ 43. Kxh6 Bf1 44. Kxg5 Bxh3 45. Kf4 Ne5 46. g5 Bd7 0-1

[Event "Leipzig VfB op 18th"]
[Site "Leipzig"]
[Date "2011.03.23"]
[Round "2"]
[White "Werner, Hubert"]
[Black "Pruefer, Friedbert"]
[Result "0-1"]
[WhiteElo "1930"]
[BlackElo "2128"]
[PlyCount "82"]
[EventDate "2011.03.20"]
[EventType "swiss"]
[EventRounds "9"]
[EventCountry "GER"]
[SourceTitle "CBM 141 Extra"]
[Source "ChessBase"]
[SourceDate "2011.05.03"]
[SourceVersion "1"]
[SourceVersionDate "2011.05.03"]
[SourceQuality "1"]

1. c4 Nf6 2. Nc3 d5 3. cxd5 Nxd5 4. Nf3 g6 5. g3 Bg7 6. Bg2 Nb6 7. 0-0 0-0 8. d4 Nc6 9. e3 Re8 10. a3 e5 11. dxe5 Nxe5 12. Nxe5 Bxe5 13. Qc2 c6 14. Rd1 Qe7 15. e4 Bg4 16. f3 Qc5+ 17. Kh1 Be6 18. Bf4 Bxf4 19. gxf4 Rad8 20. Qe2 Bb3 21. Rxd8 Rxd8 22. e5 Qd4 23. Ne4 Nd5 24. Qd2 Qxd2 25. Nxd2 Bc2 26. Nc4 Nxf4 27. Nd6 Rd7 28. Bf1 Bb3 29. Bc4 Bxc4 30. Nxc4 Rd5 31. Re1 Nd3 32. e6 fxe6 33. Rxe6 Kf7 34. Re3 Kf6 35. Kg1 Ne5 36. Nxe5 Rxe5 37. Rd3 Rd5 38. Re3 Rd1+ 39. Kf2 Rd2+ 40. Re2 Rxe2+ 41. Kxe2 Ke5 0-1

[Event "Leipzig VfB op 16th"]
[Site "Leipzig"]
[Date "2009.04.05"]
[Round "9"]
[White "Kreyssig, Robert"]
[Black "Werner, Hubert"]
[Result "1/2-1/2"]
[WhiteElo "1801"]
[BlackElo "1950"]
[PlyCount "71"]
[EventDate "2009.03.31"]
[EventType "swiss"]
[EventRounds "9"]
[EventCountry "GER"]
[SourceTitle "EXT 2010"]
[Source "ChessBase"]
[SourceDate "2010.11.25"]
[SourceVersion "1"]
[SourceVersionDate "2010.11.25"]
[SourceQuality "1"]

1. d4 Nf6 2. c4 e6 3. Nc3 d5 4. cxd5 exd5 5. Bg5 c6 6. Qc2 Be7 7. e3 Nbd7 8. Bd3 0-0 9. Nge2 Re8 10. f3 h6 11. Bh4 Nf8 12. 0-0 Nh5 13. Bf2 Ne6 14. Rad1 Bd7 15. Kh1 Nf6 16. e4 dxe4 17. fxe4 Ng4 18. Bg1 Bg5 19. Rf3 Bh4 20. Rdf1 Rf8 21. e5 h5 22. Ne4 Ng5 23. Nxg5 Bxg5 24. Bh7+ Kh8 25. Rxf7 Rxf7 26. Rxf7 Nh6 27. Rf1 Bg4 28. Ng3 Qd5 29. a3 h4 30. Be4 Qd7 31. Ne2 h3 32. Ng3 hxg2+ 33. Bxg2 Qe7 34. Qf2 Be6 35. Ne4 Bh4 36. Qf4 1/2-1/2

[Event "Leipzig VfB op 16th"]
[Site "Leipzig"]
[Date "2009.04.04"]
[Round "7"]
[White "Bischoff, Roger"]
[Black "Werner, Hubert"]
[Result "0-1"]
[WhiteElo "1671"]
[BlackElo "1950"]
[PlyCount "82"]
[EventDate "2009.03.31"]
[EventType "swiss"]
[EventRounds "9"]
[EventCountry "GER"]
[SourceTitle "EXT 2010"]
[Source "ChessBase"]
[SourceDate "2010.11.25"]
[SourceVersion "1"]
[SourceVersionDate "2010.11.25"]
[SourceQuality "1"]

1. f4 d5 2. Nf3 g6 3. e3 Bg7 4. d4 Nh6 5. Bd3 Bf5 6. Nc3 e6 7. e4 dxe4 8. Bxe4 Bxe4 9. Nxe4 Nf5 10. c3 Nd7 11. g4 Ne7 12. Qb3 Nb6 13. Nc5 Rb8 14. 0-0 Qd5 15. Qc2 Nc4 16. b3 Nd6 17. Ba3 b6 18. Nd3 Nb5 19. Bb2 Qb7 20. c4 Nd6 21. d5 0-0 22. Bxg7 Kxg7 23. Qc3+ Kg8 24. Rae1 c5 25. dxe6 f6 26. Nh4 Ne4 27. Qb2 Rbd8 28. Re3 Qc6 29. f5 Qd6 30. Rd1 Qd4 31. Qxd4 Rxd4 32. Nf3 Nc3 33. Rd2 Rxg4+ 34. Kf2 Ne4+ 35. Ke2 Rg2+ 36. Ke1 Nxd2 37. Nxd2 Rd8 38. Nf3 Nxf5 39. e7 Re8 40. Re4 Rxa2 41. Nf4 Nxe7 0-1

[Event "Leipzig VfB op 16th"]
[Site "Leipzig"]
[Date "2009.04.02"]
[Round "4"]
[White "Werner, Hubert"]
[Black "Wiesner, Klaus"]
[Result "1/2-1/2"]
[WhiteElo "1950"]
[BlackElo "1320"]
[PlyCount "60"]
[EventDate "2009.03.31"]
[EventType "swiss"]
[EventRounds "9"]
[EventCountry "GER"]
[SourceTitle "EXT 2010"]
[Source "ChessBase"]
[SourceDate "2010.11.25"]
[SourceVersion "1"]
[SourceVersionDate "2010.11.25"]
[SourceQuality "1"]

1. c4 c6 2. d4 d5 3. e3 Nf6 4. Nf3 Bf5 5. Nc3 h6 6. cxd5 Nxd5 7. Nxd5 cxd5 8. Qb3 Bc8 9. Bb5+ Nc6 10. Ne5 Bd7 11. Nxd7 Qxd7 12. Bd2 a6 13. Be2 g6 14. Bc3 f5 15. Bf3 e6 16. g3 Bg7 17. 0-0-0 0-0-0 18. Kb1 Kb8 19. Be2 Ka8 20. Qb6 Rc8 21. Rc1 Qc7 22. Qb3 Rhe8 23. Rc2 Na5 24. Qa4 Nc4 25. Rhc1 Qc6 26. Qb3 Qd7 27. Bb4 b5 28. Bxc4 bxc4 29. Qa3 Qb7 30. Ka1 Bf8 1/2-1/2

[Event "Leipzig VfB op 15th"]
[Site "Leipzig"]
[Date "2008.03.02"]
[Round "9"]
[White "Werner, Hubert"]
[Black "Sonntag, Hermann"]
[Result "0-1"]
[WhiteElo "1967"]
[BlackElo "2071"]
[PlyCount "86"]
[EventDate "2008.02.26"]
[EventType "swiss"]
[EventRounds "9"]
[EventCountry "GER"]
[SourceTitle "CBM 123 Extra"]
[Source "ChessBase"]
[SourceDate "2008.05.06"]
[SourceVersion "1"]
[SourceVersionDate "2008.05.06"]
[SourceQuality "1"]

1. c4 e5 2. Nc3 Nc6 3. g3 g6 4. Bg2 Bg7 5. d3 d6 6. e4 Be6 7. Nge2 Qd7 8. h3 Nge7 9. Be3 0-0 10. Qd2 Nd4 11. Nd5 Nxe2 12. Nxe7+ Qxe7 13. Qxe2 Qd7 14. h4 h6 15. Qd2 h5 16. 0-0 c6 17. Bh6 d5 18. Bxg7 Kxg7 19. Qc3 dxc4 20. dxc4 Qd4 21. Rac1 Rad8 22. Qc2 a5 23. Rfd1 Qc5 24. Rxd8 Rxd8 25. Kh2 Rd4 26. b3 f6 27. Bf3 a4 28. Kg2 b6 29. Be2 Qb4 30. Rd1 a3 31. f3 c5 32. Bd3 Qa5 33. Qd2 Qa7 34. Qc2 Qd7 35. Be2 f5 36. Rxd4 Qxd4 37. Bd3 Kf6 38. Qe2 f4 39. gxf4 exf4 40. Kh2 Ke5 41. Qd2 Bf7 42. Kh3 Qg1 43. Qg2 Be6+ 0-1

[Event "Bad Harzburg op"]
[Site "Bad Harzburg"]
[Date "2007.10.24"]
[Round "2"]
[White "Schwetje, Siegfried"]
[Black "Werner, Hubert"]
[Result "1-0"]
[WhiteElo "1971"]
[BlackElo "1975"]
[PlyCount "61"]
[EventDate "2007.10.23"]
[EventType "swiss"]
[EventRounds "7"]
[EventCountry "GER"]
[SourceTitle "EXT 2009"]
[Source "ChessBase"]
[SourceDate "2008.11.26"]
[SourceVersion "1"]
[SourceVersionDate "2008.11.26"]
[SourceQuality "1"]

1. e4 c5 2. Nc3 Nc6 3. f4 g6 4. Nf3 Bg7 5. Bc4 e6 6. 0-0 Nge7 7. Re1 0-0 8. a3 d5 9. Ba2 dxe4 10. Nxe4 b6 11. d3 Qc7 12. Qe2 Nd5 13. g3 Nd4 14. Qg2 Bb7 15. c3 Nxf3+ 16. Qxf3 Nxc3 17. bxc3 Bxc3 18. Rb1 Bd4+ 19. Be3 f5 20. Bxe6+ Kg7 21. Bxd4+ cxd4 22. Qf2 fxe4 23. Qxd4+ Kh6 24. dxe4 Rad8 25. Qe3 Kg7 26. Rbc1 Qe7 27. f5 gxf5 28. exf5 Ba6 29. Qe5+ Qf6 30. Rc7+ Kh6 31. Qf4+ 1-0

[Event "Leipzig VfB op 14th"]
[Site "Leipzig"]
[Date "2007.03.20"]
[Round "1"]
[White "Werner, Hubert"]
[Black "Grakovitch, Rudolf"]
[Result "1/2-1/2"]
[WhiteElo "2005"]
[BlackElo "1351"]
[PlyCount "98"]
[EventDate "2007.03.20"]
[EventType "swiss"]
[EventRounds "9"]
[EventCountry "GER"]
[SourceTitle "EXT 2008"]
[Source "ChessBase"]
[SourceDate "2007.11.25"]
[SourceVersion "1"]
[SourceVersionDate "2007.11.25"]
[SourceQuality "1"]

1. c4 c5 2. Nf3 Nc6 3. d4 cxd4 4. Nxd4 e6 5. Nc3 Bb4 6. Ndb5 d5 7. cxd5 exd5 8. Qxd5 Bxc3+ 9. Nxc3 Be6 10. Qxd8+ Rxd8 11. f3 Nb4 12. Kf2 Nc2 13. Rb1 Ne7 14. e4 a6 15. Be2 Nb4 16. a3 Nd3+ 17. Ke3 Ne5 18. Rd1 0-0 19. b4 b5 20. Bb2 Nc4+ 21. Kf2 Nd2 22. Ra1 Nb3 23. Rxd8 Rxd8 24. Rd1 Rxd1 25. Bxd1 Nd2 26. Bc1 Nc4 27. f4 f5 28. e5 Nd5 29. Nxd5 Bxd5 30. a4 Kf7 31. axb5 axb5 32. g3 g6 33. Be3 h5 34. Bf3 Bxf3 35. Kxf3 Ke6 36. h3 Na3 37. g4 Nc2 38. Bc5 Ne1+ 39. Kg3 Nd3 40. Bd6 Nb2 41. gxh5 gxh5 42. Kh4 Nd3 43. Kg5 Nf2 44. Kh4 Kd5 45. Kg5 Ke6 46. h4 Nh3+ 47. Kxh5 Nxf4+ 48. Kg5 Nh3+ 49. Kg6 Nf4+ 1/2-1/2

[Event "GER-ch Seniors 18th"]
[Site "Dresden"]
[Date "2006.07.28"]
[Round "7"]
[White "Werner, Hubert"]
[Black "Bisse, Vilorij"]
[Result "0-1"]
[WhiteElo "1723"]
[BlackElo "1778"]
[PlyCount "110"]
[EventDate "2006.07.22"]
[EventType "swiss"]
[EventRounds "9"]
[EventCountry "GER"]
[SourceTitle "EXT 2022"]
[Source "ChessBase"]
[SourceDate "2021.10.06"]
[SourceVersion "1"]
[SourceVersionDate "2021.10.06"]
[SourceQuality "1"]

1. c4 Nf6 2. Nc3 e6 3. e4 d6 4. d4 e5 5. d5 Be7 6. Nf3 Nbd7 7. Qc2 a5 8. Be2 Nc5 9. 0-0 Bg4 10. h3 Bd7 11. Be3 b6 12. Rfb1 0-0 13. b3 Qc8 14. Kh2 Ne8 15. g4 h5 16. gxh5 f5 17. Rg1 f4 18. Bxc5 bxc5 19. Rg6 Rf6 20. Rag1 Rxg6 21. hxg6 Bxh3 22. Ng5 Bxg5 23. Rxg5 Nf6 24. Qd1 Kf8 25. f3 Ke7 26. Bf1 Bd7 27. Kg1 Qh8 28. Qe1 Qh6 29. Rg2 Rh8 30. Kf2 Qh4+ 31. Ke2 Qxe1+ 32. Kxe1 Rh6 33. Rg1 Nh5 34. Ne2 Be8 35. Bh3 Rxg6 36. Rxg6 Bxg6 37. Nc3 Be8 38. a4 g5 39. Kf2 Nf6 40. Bg4 c6 41. Be6 cxd5 42. cxd5 Kd8 43. Nb1 c4 44. bxc4 Bxa4 45. Bh3 Kc7 46. Ke2 Kb6 47. Nc3 Be8 48. Bg4 Kc5 49. Kd3 Kb4 50. Na2+ Kb3 51. Nc3 a4 52. Nb5 a3 53. Nxa3 Kxa3 54. c5 Bb5+ 55. Kc3 Nxg4 0-1

[Event "GER-ch Seniors 18th"]
[Site "Dresden"]
[Date "2006.07.26"]
[Round "5"]
[White "Werner, Hubert"]
[Black "Kaiser, Hans"]
[Result "1/2-1/2"]
[WhiteElo "1723"]
[BlackElo "1622"]
[PlyCount "60"]
[EventDate "2006.07.22"]
[EventType "swiss"]
[EventRounds "9"]
[EventCountry "GER"]
[SourceTitle "EXT 2022"]
[Source "ChessBase"]
[SourceDate "2021.10.06"]
[SourceVersion "1"]
[SourceVersionDate "2021.10.06"]
[SourceQuality "1"]

1. c4 e5 2. Nc3 Nf6 3. g3 a6 4. Bg2 Bc5 5. e3 0-0 6. Nge2 d6 7. 0-0 Nbd7 8. d4 Ba7 9. b3 Re8 10. Qc2 Nf8 11. Bb2 c6 12. h3 Bd7 13. Rad1 Qc8 14. Kh2 Bf5 15. Qd2 Qc7 16. d5 Rad8 17. e4 Bg6 18. g4 c5 19. Ng3 Qd7 20. Qe2 h6 21. Bc1 N8h7 22. f3 Qe7 23. Nf5 Bxf5 24. exf5 Bb6 25. Ne4 Nxe4 26. fxe4 Ba5 27. Rd3 Qh4 28. Be3 Bb4 29. Qf2 Qxf2 30. Bxf2 b5 1/2-1/2

[Event "GER-ch Seniors 18th"]
[Site "Dresden"]
[Date "2006.07.22"]
[Round "1"]
[White "Werner, Hubert"]
[Black "Rueberg, Jobst"]
[Result "0-1"]
[WhiteElo "2025"]
[BlackElo "2237"]
[PlyCount "66"]
[EventDate "2006.07.22"]
[EventType "swiss"]
[EventRounds "9"]
[EventCountry "GER"]
[SourceTitle "CBM 113 Extra"]
[Source "ChessBase"]
[SourceDate "2006.09.14"]
[SourceVersion "1"]
[SourceVersionDate "2006.09.14"]
[SourceQuality "1"]

1. c4 Nf6 2. Nc3 e6 3. e4 c5 4. Nf3 Nc6 5. d4 cxd4 6. Nxd4 Qc7 7. Be3 a6 8. f3 Be7 9. Qd2 Ne5 10. b3 d6 11. Be2 b6 12. Rc1 0-0 13. 0-0 Bb7 14. Kh1 Ned7 15. Rfd1 Rac8 16. Bf1 Rfe8 17. Nde2 Qb8 18. Nf4 Bf8 19. Qf2 Bc6 20. Nd3 Ba8 21. Ne1 Rc7 22. Bf4 Ne5 23. Nd3 Nxd3 24. Rxd3 Rd7 25. Rcd1 Red8 26. Bg5 Be7 27. Be3 b5 28. cxb5 axb5 29. Bb6 Rc8 30. Nxb5 Rc6 31. Bc7 Qxb5 32. Rxd6 Rcxd6 33. Bxb5 Rxd1+ 0-1

[Event "Leipzig VfB op 13th"]
[Site "Leipzig"]
[Date "2006.03.17"]
[Round "6"]
[White "Ulms, Sandra"]
[Black "Werner, Hubert"]
[Result "1-0"]
[WhiteElo "2177"]
[BlackElo "2036"]
[PlyCount "71"]
[EventDate "2006.03.14"]
[EventType "swiss"]
[EventRounds "9"]
[EventCountry "GER"]
[SourceTitle "EXT 2008"]
[Source "ChessBase"]
[SourceDate "2007.11.25"]
[SourceVersion "1"]
[SourceVersionDate "2007.11.25"]
[SourceQuality "1"]

1. d4 Nf6 2. c4 e6 3. Nf3 b6 4. a3 Bb7 5. Nc3 d5 6. Bg5 Be7 7. Bxf6 Bxf6 8. cxd5 exd5 9. e3 Nd7 10. Qb3 c6 11. Bd3 0-0 12. 0-0 g6 13. Rac1 Bg7 14. Rfd1 Qe7 15. Qa2 a5 16. Qb1 f5 17. Ne2 Rac8 18. b4 axb4 19. axb4 b5 20. g3 Nb6 21. Nf4 Ra8 22. Bf1 Ra4 23. Nd3 Nc4 24. Nc5 Ra3 25. Bxc4 dxc4 26. Qb2 Raa8 27. Ra1 Rfe8 28. Rxa8 Rxa8 29. Ra1 Rxa1+ 30. Qxa1 Kf7 31. Qa7 Bc8 32. Ng5+ Ke8 33. Qa8 Qd8 34. Kf1 Bf8 35. Qxc6+ Bd7 36. Qd5 1-0

[Event "Leipzig VfB op 12th"]
[Site "Leipzig"]
[Date "2005.03.05"]
[Round "7"]
[White "Werner, Hubert"]
[Black "Ibs, Malte"]
[Result "1/2-1/2"]
[WhiteElo "2046"]
[BlackElo "1656"]
[PlyCount "49"]
[EventDate "2005.01.03"]
[EventType "swiss"]
[EventRounds "9"]
[EventCountry "GER"]
[SourceTitle "EXT 2008"]
[Source "ChessBase"]
[SourceDate "2007.11.25"]
[SourceVersion "1"]
[SourceVersionDate "2007.11.25"]
[SourceQuality "1"]

1. c4 Nf6 2. Nc3 g6 3. e4 d6 4. d4 Bg7 5. f3 0-0 6. Be3 e5 7. Nge2 c6 8. Qd2 Nh5 9. 0-0-0 Bd7 10. g4 Nf6 11. h4 h5 12. dxe5 dxe5 13. g5 Nh7 14. Bh3 Qe7 15. Bxd7 Rd8 16. Qd6 Qxd7 17. Qa3 Qe8 18. Rxd8 Qxd8 19. Rd1 Qe8 20. Qd6 Na6 21. Qd7 Qxd7 22. Rxd7 b6 23. a3 Kf8 24. b4 Ke8 25. Rd2 1/2-1/2

[Event "Leipzig VfB op 12th"]
[Site "Leipzig"]
[Date "2005.03.03"]
[Round "5"]
[White "Werner, Hubert"]
[Black "Wagner, Bernd"]
[Result "0-1"]
[WhiteElo "2046"]
[BlackElo "2114"]
[PlyCount "70"]
[EventDate "2005.01.03"]
[EventType "swiss"]
[EventRounds "9"]
[EventCountry "GER"]
[SourceTitle "EXT 2008"]
[Source "ChessBase"]
[SourceDate "2007.11.25"]
[SourceVersion "1"]
[SourceVersionDate "2007.11.25"]
[SourceQuality "1"]

1. c4 Nf6 2. Nc3 g6 3. e4 d6 4. d4 e5 5. d5 Bg7 6. Bd3 0-0 7. Nge2 Na6 8. f3 Kh8 9. Be3 Nc5 10. Bc2 a5 11. Qd2 b6 12. 0-0 Nh5 13. Bh6 f5 14. Bxg7+ Nxg7 15. exf5 gxf5 16. f4 Qf6 17. Rad1 Ne8 18. Rf3 e4 19. Rg3 Rg8 20. Qd4 Rxg3 21. Nxg3 Qxd4+ 22. Rxd4 Nf6 23. Nb5 Na6 24. h3 Bd7 25. Nc3 h5 26. Nce2 h4 27. Nf1 Rg8 28. Ne3 Nh5 29. Nf1 b5 30. b3 bxc4 31. bxc4 Rb8 32. Ne3 Rb2 33. a3 Ra2 34. Kf2 Rxa3 35. g4 hxg3+ 0-1

[Event "Wch Seniors 14th"]
[Site "Halle"]
[Date "2004.11.03"]
[Round "9"]
[White "Werner, Hubert"]
[Black "Maissenbacher, Werner"]
[Result "1/2-1/2"]
[WhiteElo "2087"]
[BlackElo "1740"]
[PlyCount "46"]
[EventDate "2004.10.24"]
[EventType "swiss"]
[EventRounds "11"]
[EventCountry "GER"]
[SourceTitle "EXT 2005"]
[Source "ChessBase"]
[SourceDate "2004.11.15"]
[SourceVersion "1"]
[SourceVersionDate "2004.11.15"]
[SourceQuality "1"]

1. c4 e6 2. g3 d5 3. Bg2 Nf6 4. Nf3 Nbd7 5. b3 g6 6. Bb2 Bg7 7. cxd5 exd5 8. 0-0 0-0 9. d4 Re8 10. Nc3 c6 11. e3 Ne4 12. Nxe4 dxe4 13. Nd2 f5 14. Nc4 Nb6 15. Qc2 Nxc4 16. Qxc4+ Be6 17. Qc2 Qe7 18. Rac1 Rad8 19. Rfd1 Bd5 20. Bf1 Bf8 21. Bc4 Qf7 22. Bxd5 Rxd5 23. Qe2 h5 1/2-1/2

[Event "Wch Seniors 14th"]
[Site "Halle"]
[Date "2004.10.30"]
[Round "7"]
[White "Werner, Hubert"]
[Black "Merettig, Georg"]
[Result "0-1"]
[WhiteElo "2087"]
[BlackElo "1930"]
[PlyCount "54"]
[EventDate "2004.10.24"]
[EventType "swiss"]
[EventRounds "11"]
[EventCountry "GER"]
[SourceTitle "EXT 2005"]
[Source "ChessBase"]
[SourceDate "2004.11.15"]
[SourceVersion "1"]
[SourceVersionDate "2004.11.15"]
[SourceQuality "1"]

1. c4 c5 2. Nf3 b6 3. g3 Bb7 4. Bg2 g6 5. 0-0 Bg7 6. Nc3 Nf6 7. d4 cxd4 8. Qxd4 Nc6 9. Qd2 Rc8 10. b3 Ne4 11. Nxe4 Bxa1 12. Ba3 Bg7 13. Rd1 0-0 14. Qxd7 Rc7 15. Qd3 Qxd3 16. Rxd3 Rd8 17. Ne1 Rcd7 18. Rxd7 Rxd7 19. Nd3 Nd4 20. Kf1 e5 21. Bh3 f5 22. Nd6 Ba8 23. Ne8 Bh8 24. Bd6 Rd8 25. Nc7 Rxd6 26. Nxa8 Ne6 27. g4 e4 0-1

[Event "Wch Seniors 14th"]
[Site "Halle"]
[Date "2004.10.28"]
[Round "5"]
[White "Werner, Hubert"]
[Black "Neudel, Bernd"]
[Result "1/2-1/2"]
[WhiteElo "2087"]
[BlackElo "1909"]
[PlyCount "91"]
[EventDate "2004.10.24"]
[EventType "swiss"]
[EventRounds "11"]
[EventCountry "GER"]
[SourceTitle "EXT 2005"]
[Source "ChessBase"]
[SourceDate "2004.11.15"]
[SourceVersion "1"]
[SourceVersionDate "2004.11.15"]
[SourceQuality "1"]

1. c4 c5 2. Nf3 Nf6 3. d4 cxd4 4. Nxd4 g6 5. Nc3 Bg7 6. e4 d6 7. Be2 0-0 8. 0-0 Bd7 9. Be3 Nc6 10. f3 a6 11. Qd2 Rc8 12. Rac1 Nxd4 13. Bxd4 Qa5 14. Rfd1 Be8 15. b3 Bc6 16. Rc2 Nd7 17. Be3 Nc5 18. Bf1 Ne6 19. Qc1 Nc7 20. Kh1 Rcd8 21. a3 Ne6 22. b4 Qh5 23. Nd5 Ba4 24. g4 Qh4 25. Rg2 Bxd1 26. Qxd1 g5 27. Rg3 Qh6 28. Qd2 Be5 29. Rg2 Rc8 30. Rf2 Qg7 31. f4 gxf4 32. Bxf4 Kh8 33. h3 Nxf4 34. Nxf4 Bxf4 35. Rxf4 f6 36. Qf2 Rg8 37. Rf5 Rgf8 38. Qh4 e6 39. Rh5 Rc7 40. Bd3 e5 41. Qf2 Qf7 42. Qf1 Qd7 43. Rf5 Qe6 44. a4 b6 45. Kh2 Kg7 46. Kg3 1/2-1/2

[Event "Wch Seniors 14th"]
[Site "Halle"]
[Date "2004.10.24"]
[Round "1"]
[White "Leiber, Bernhard"]
[Black "Werner, Hubert"]
[Result "1-0"]
[WhiteElo "2221"]
[BlackElo "2087"]
[PlyCount "47"]
[EventDate "2004.10.24"]
[EventType "swiss"]
[EventRounds "11"]
[EventCountry "GER"]
[SourceTitle "EXT 2005"]
[Source "ChessBase"]
[SourceDate "2004.11.15"]
[SourceVersion "1"]
[SourceVersionDate "2004.11.15"]
[SourceQuality "1"]

1. e4 c5 2. Nc3 Nc6 3. f4 e6 4. Nf3 g6 5. Bb5 Bg7 6. e5 f5 7. 0-0 Nge7 8. d3 0-0 9. Bc4 a6 10. a4 Na5 11. Ba2 Rb8 12. Be3 b6 13. Qe1 Bb7 14. Rd1 Bd5 15. Nxd5 Nxd5 16. Bxd5 exd5 17. b4 Nb7 18. a5 d4 19. Bf2 cxb4 20. Qxb4 Nxa5 21. Qxd4 Nc6 22. Qc4+ Kh8 23. Qxa6 Re8 24. Rb1 1-0